NEW KNOWLEDGE ON CHITINOIDELLA GENUS RECORDED IN UPPER JURASSIC CARBONATE PELAGIC SEQUENCES OF THE WEST CARPATHIAN TETHYAN AREA

Bibliographic Details
Main Author: Reháková, Daniela, 1955- (Author)
Format: Article
Language:English

MARC

LEADER 00000nab a2200000ua 4500
001 vtls010847814
003 SK-MaSNL
005 20260303135928.0
008 230218s2002 xo |||||||||||||||||eng|
035 |a (urnnbn)urn:nbn:sk:snk:ar-a077nt 
035 |a urn:nbn:sk:snk-ab68w1 
035 |a (uuid)a6cf7a00-a49c-4e8e-932f-36fb6b327704 
040 |a SNKBUCL  |b slo  |c SNKBUCL  |e AACR2 
041 0 |a eng 
044 |a xo  |c SK 
100 1 |a Reháková, Daniela,  |d 1955-  |4 aut  |9 108739 
245 1 0 |a NEW KNOWLEDGE ON CHITINOIDELLA GENUS RECORDED IN UPPER JURASSIC CARBONATE PELAGIC SEQUENCES OF THE WEST CARPATHIAN TETHYAN AREA  |c D. Reháková 
773 0 |t Geologica Carpathica : international geological journal  |g Roč. 53, č. special issue (2002), s. 74-75 
958 |a OND 
958 |a EUIPO 
958 |a article5 
999 |c 1968893  |d 1970823